Investigación y musicología: Primera Jornada de Investigación Musical, Sala C, Instituto de Música PUCV
Guardat en:
| Autor principal: | |
|---|---|
| Format: | Llibre |
| Idioma: | espanyol |
| Publicat: |
Valparaíso
Pontificia Universidad Católica de Valparaíso
2007
|
| Matèries: | |
| Accés en línia: | carátula frontal |
| Etiquetes: |
Afegir etiqueta
Sense etiquetes, Sigues el primer a etiquetar aquest registre!
|
MARC
| LEADER | 00000nam a2200000 a 4500 | ||
|---|---|---|---|
| 001 | UCI4907 | ||
| 003 | CL-VaPUC | ||
| 005 | 20240419105125.0 | ||
| 008 | 080307e20070000cl 1 spa d | ||
| 999 | |c 384324 |d 384322 | ||
| 040 | |c Pontificia Universidad Católica de Valparaíso | ||
| 082 | 0 | 4 | |a 780.72 |b HER |2 21 |
| 100 | |a Herrera Ortega, Silvia |e autora |9 772042 | ||
| 245 | 1 | 0 | |a Investigación y musicología: Primera Jornada de Investigación Musical, Sala C, Instituto de Música PUCV |
| 260 | |a Valparaíso |b Pontificia Universidad Católica de Valparaíso |c 2007 | ||
| 518 | |p Jornada de Investigación Musical, 1, Valparaíso, 5 al 9 de noviembre de 2007 | ||
| 536 | |a Pontificia Universidad Católica de Valparaíso | ||
| 546 | |a En Español | ||
| 583 | |a last modification |c 20080307 00:00:00 |k Rodrigo Vera | ||
| 650 | 0 | 0 | |a Musicología |9 306520 |
| 650 | 0 | 0 | |a Investigación musical |9 460064 |
| 650 | 0 | 7 | |a CONFERENCIAS |2 CL-VaPUC |9 621129 |
| 852 | |a BIBCUR | ||
| 856 | 7 | |f UCI4907_01.jpg |q JEPG |2 file |z carátula frontal |u http://opac.pucv.cl/pucv_img/Img-4500/UCI4907_01.jpg | |
| 942 | |c BK |2 ddc | ||
| 945 | |a cmena |d 20080307 00:00:00 | ||
| 952 | |0 0 |1 0 |2 ddc |3 dvd |4 0 |6 780_720000000000000_HER_2007 |7 0 |8 R |9 506984 |a BIBEDU |b BIBTES |d 2020-01-23 |i 4412249 |o 780.72 HER 2007 |p 4412249 |r 2023-01-12 |w 2020-01-23 |y BK_R |k MUS | ||